000 00648nam a2200193Ia 4500
003 GCL
008 140319s9999 xx 000 0 ara d
040 _aGCL /
_cGCL
082 0 4 _a889
_bب ق
100 1 _aنعيم عطية
245 1 0 _aقصة الاديب اليونانى الكبير ستراتيس تسيراكاس /
_cنعيم عطية
700 1 _aبومبه، نور الدين
700 1 _aينى ميلاخرينودى
300 _a131 ص
490 _aالهيئة العامة للاستعلامات
_v0
650 0 4 _aالتراجم الادبية
650 0 4 _aستراتيس تسيراكاس - تراجم
942 _2ddc
_cBK
999 _c47207
_d47207